000 00517nam a22001817a 4500
003 AM-YeHGA
005 20250617154826.0
008 190115s ||||| |||| 00| 0 rus d
040 _aAM-YeHGA
041 0 _arus
100 1 _aТверской, Б. Г.
245 1 0 _aПриборы для рихтовки пути /
_cБ. Г. Тверской
260 _aКалуга :
_bБ. и.
_c1953.
300 _a23 с.,
_bил.
653 0 _aРихтовочные машины
942 _2udc
_cBK
090 _c423083
999 _c420684
_d420684